| 000 | 00762cab a2200217 4500 | ||
|---|---|---|---|
| 001 | WB3422-51 | ||
| 008 | 090401t1998 xxu||||| |||| 00| 0 eng d | ||
| 035 | _a(Sirsi) u86754 | ||
| 041 | _aeng | ||
| 245 | _aCity charges for drivers accelerated | ||
| 260 | _c1998 | ||
| 350 | _a0 | ||
| 490 |
_aTimes _v20 June 1998, 2(1) |
||
| 520 | _aJohn Prescott has ordered officials to speed up the drafting of new laws allowing motorists to be charged for driving in city centres and is pressing for a Bill in the next session of Parliament. | ||
| 650 | _aROAD PRICING | ||
| 650 | _aPROPERTY-INFRASTRUCTURE-TRANSPORT INFRASTRUCTURE-ROAD INFRASTRUCTURE | ||
| 650 | _aTRANSPORT BILL | ||
| 690 | _aTRANSPORT AND COMMUNICATIONS | ||
| 942 | _n0 | ||
| 948 | _c10/06/1998 | ||
| 999 |
_c54637 _d54637 |
||